000
00328nam a22001457a 4500
003
SGT
020
_a
978-1-62623-975-3
082
_a
617.51
_b
O15M
100
_a
MALEKZADEH, SONYA
245
_a
OTOLARGNGOLOGY LIFELONG LEARNING MANUAL
250
_a
3RD
260
_a
NEW YORK
_b
THIEME
_c
2015
300
_a
767
942
_2
ddc
_c
BK
999
_c
17320
_d
17320